Co to za grzyb? #3 - Statystyki

Ogólne statystyki
  • Ten quiz został rozwiązany 34 razy
    24 od ostatniego zresetowania
  • Średni wynik to 11 z 24
Statystyki odpowiedzi
Obrazkowy Hint Odpowiedź % Poprawnych
x żółtawa Lakownica / Reishi
100%
x szarawa Lejkówka
100%
x rdzawy Murszak
100%
x różnobarwny Wrośniak
67%
x listkowata Żagwica
67%
Brodaczka
33%
x czarniutka Czareczka
33%
Fuzarium
33%
x piankowy Gąbczak / Kolcówka
33%
x dębowy Gmatwek
33%
(na winogronach) Gronowiec
33%
x purpurozarodnikowy Grzybiec
33%
Hełmik
33%
x pospolity Kubecznik
33%
x plamistoblaszkowy Łysak
33%
x rabarbarowy Miękusz
33%
Łuskwiak x nameko
33%
x kulisty Orzast
33%
x owocowa (na gruszce) Paciornica
33%
x galaretowata Płomyczka
33%
x czerwonawa Skórnica
33%
x zwęglony Warstwiak
33%
x jasna Włochatka
33%
Złotak
33%
Nie znaleziono quizów pasujących do podanych kryteriów
Rozkład punktacji
Procent ludzi z każdym wynikiem
Percentyl według liczby udzielonych odpowiedzi
Twoja historia wyników
Nie rozwiązałeś tego quizu od ostatniego zresetowania